[Event "Imperia op-B 64th"]
[Site "Imperia"]
[Date "2022.09.06"]
[Round "3"]
[White "Salerno, Luciano"]
[Black "Joguet, Patrick"]
[Result "1-0"]
[WhiteElo "1639"]
[BlackElo "1561"]
[PlyCount "77"]
[EventDate "2022.09.04"]
[EventType "swiss"]
[EventRounds "8"]
[EventCountry "ITA"]
[SourceTitle "EXT 2024"]
[Source "ChessBase"]
[SourceDate "2023.10.10"]
[SourceVersion "1"]
[SourceVersionDate "2023.10.10"]
[SourceQuality "1"]

1. d4 Nf6 2. Nf3 d5 3. c3 e6 4. Bg5 Nbd7 5. Nbd2 Be7 6. e3 0-0 7. Bd3 c5 8. Ne5 cxd4 9. exd4 Nxe5 10. dxe5 Nd7 11. Bf4 f5 12. Qh5 Qe8 13. Qh3 Nc5 14. Bc2 g5 15. Be3 Ne4 16. Nxe4 dxe4 17. 0-0-0 Qg6 18. g3 Qg7 19. Bd4 Bd7 20. Rhf1 Bc6 21. Bb3 Bd5 22. Bxd5 exd5 23. Kb1 Qg6 24. Ka1 b5 25. Rd2 a5 26. Rfd1 Qe6 27. Qf1 b4 28. Qb5 Rfb8 29. Qa4 bxc3 30. Bxc3 Bb4 31. Rxd5 Bxc3 32. bxc3 Qb6 33. Qa3 Qxf2 34. e6 e3 35. e7 e2 36. Rd8+ Kg7 37. e8N+ Kg6 38. Qd6+ Kh5 39. Nf6+ 1-0

[Event "Imperia op-C 60th"]
[Site "Imperia"]
[Date "2018.09.06"]
[Round "5"]
[White "Lo Dico, Angela"]
[Black "Salerno, Luciano"]
[Result "0-1"]
[WhiteElo "1570"]
[BlackElo "1635"]
[PlyCount "118"]
[EventDate "2018.09.02"]
[EventType "swiss"]
[EventRounds "8"]
[EventCountry "ITA"]
[SourceTitle "EXT 2024"]
[Source "ChessBase"]
[SourceDate "2023.10.10"]
[SourceVersion "1"]
[SourceVersionDate "2023.10.10"]
[SourceQuality "1"]

1. f4 b6 2. Nf3 Bb7 3. e3 Nf6 4. Be2 e6 5. Nc3 Be7 6. 0-0 0-0 7. b3 d6 8. Bb2 Nbd7 9. h3 Ne4 10. Nxe4 Bxe4 11. Nh2 f5 12. Bf3 Bxf3 13. Nxf3 Nf6 14. Nd4 Qd7 15. d3 c5 16. Ne2 Nd5 17. Rf3 Bf6 18. d4 Rac8 19. c4 Nb4 20. a3 Nc6 21. Rb1 Rfd8 22. d5 exd5 23. Bxf6 gxf6 24. Qxd5+ Kh8 25. Ng3 Ne7 26. Qd2 d5 27. Qb2 d4 28. Rd1 Nc6 29. Qc2 Ne7 30. exd4 cxd4 31. Qd3 Rc6 32. Re1 Re6 33. Rxe6 Qxe6 34. Ne2 Qe4 35. Qd2 Nc6 36. Kh2 Ne7 37. Rd3 Nc6 38. Ng3 Qe6 39. Qf2 Qd7 40. Nh5 Qf7 41. Qf3 Ne7 42. g4 fxg4 43. hxg4 Qg6 44. Kh3 Qf7 45. Qf2 Nc6 46. Qh4 Rd6 47. Qf2 f5 48. Qh4 fxg4+ 49. Qxg4 Rg6 50. Qf3 Qf5+ 51. Kh2 Rh6 52. Kg2 Qxh5 53. Qxh5 Rxh5 54. Kg3 Kg7 55. Kg4 Rh1 56. Kf5 h5 57. Rg3+ Kf7 58. Kg5 h4 59. Kg4 hxg3 0-1

[Event "Imperia op-C 60th"]
[Site "Imperia"]
[Date "2018.09.03"]
[Round "2"]
[White "Benenati, Gianfranco"]
[Black "Salerno, Luciano"]
[Result "0-1"]
[WhiteElo "1708"]
[BlackElo "1635"]
[PlyCount "78"]
[EventDate "2018.09.02"]
[EventType "swiss"]
[EventRounds "8"]
[EventCountry "ITA"]
[SourceTitle "EXT 2024"]
[Source "ChessBase"]
[SourceDate "2023.10.10"]
[SourceVersion "1"]
[SourceVersionDate "2023.10.10"]
[SourceQuality "1"]

1. e4 c6 2. d4 d5 3. exd5 cxd5 4. c4 Nc6 5. Nf3 Nf6 6. Nc3 Bg4 7. Be2 e6 8. 0-0 Be7 9. Be3 0-0 10. c5 Ne4 11. a3 b6 12. Bb5 Nxc3 13. bxc3 Bxf3 14. Qxf3 Qc7 15. cxb6 Qxb6 16. Rfb1 Na5 17. Bd3 Qc7 18. Bf4 Bd6 19. Qh3 g6 20. Bh6 Rfb8 21. Rxb8+ Rxb8 22. Bc2 Rb2 23. Bd1 Nb3 24. Bxb3 Rxb3 25. Bd2 Qb6 26. Qd3 Bxa3 27. g3 Qc6 28. Qc2 Qc4 29. Qd1 a5 30. Qe1 a4 31. Qe5 Bf8 32. h4 a3 33. h5 a2 34. hxg6 Rb1+ 35. Be1 hxg6 36. Rxa2 Qxa2 37. Kg2 Rb2 38. Kf1 Qc4+ 39. Kg1 Re2 0-1

[Event "Imperia op-B 58th"]
[Site "Imperia"]
[Date "2016.09.10"]
[Round "7"]
[White "Pettarini, Renato"]
[Black "Salerno, Luciano"]
[Result "1-0"]
[WhiteElo "1732"]
[BlackElo "1625"]
[PlyCount "105"]
[EventDate "2016.09.04"]
[EventType "swiss"]
[EventRounds "8"]
[EventCountry "ITA"]
[SourceTitle "EXT 2024"]
[Source "ChessBase"]
[SourceDate "2023.10.10"]
[SourceVersion "1"]
[SourceVersionDate "2023.10.10"]
[SourceQuality "1"]

1. c4 b6 2. Nc3 e6 3. d4 Bb7 4. a3 Nf6 5. Bg5 h6 6. Bxf6 Qxf6 7. e4 c5 8. d5 exd5 9. cxd5 Qg6 10. g3 d6 11. Nge2 Qg4 12. Bg2 Be7 13. 0-0 0-0 14. Rc1 Bg5 15. f4 Bf6 16. Rc2 Ba6 17. Re1 Nd7 18. Kh1 Rae8 19. Qd2 g5 20. Ng1 Qh5 21. Nf3 Kh8 22. Nd1 Rg8 23. Nf2 Rg7 24. g4 Qg6 25. f5 Qh7 26. Bh3 Ne5 27. Nxe5 Bxe5 28. Nd3 h5 29. Nxe5 Rxe5 30. Qc3 hxg4 31. Bxg4 Qh4 32. h3 Rh7 33. Kg2 f6 34. Re3 Rhe7 35. Kf3 Kg8 36. Qb3 Kg7 37. Qa4 Bb7 38. Rce2 Bxd5 39. exd5 Rxf5+ 40. Kg2 Rxe3 41. Qd7+ Kh6 42. Qxf5 Rxe2+ 43. Bxe2 Qf4 44. Qxf4 gxf4 45. Kf3 Kg5 46. Bd3 Kh4 47. Kxf4 Kxh3 48. Kf5 Kg3 49. Kxf6 Kf4 50. a4 Ke3 51. Bc4 Kd4 52. b3 b5 53. axb5 1-0

[Event "Imperia op-B 58th"]
[Site "Imperia"]
[Date "2016.09.06"]
[Round "3"]
[White "Rossi Cassani, Gianni"]
[Black "Salerno, Luciano"]
[Result "1/2-1/2"]
[WhiteElo "1785"]
[BlackElo "1625"]
[PlyCount "51"]
[EventDate "2016.09.04"]
[EventType "swiss"]
[EventRounds "8"]
[EventCountry "ITA"]
[SourceTitle "EXT 2024"]
[Source "ChessBase"]
[SourceDate "2023.10.10"]
[SourceVersion "1"]
[SourceVersionDate "2023.10.10"]
[SourceQuality "1"]

1. e4 c6 2. Nc3 d5 3. Nf3 Bg4 4. h3 Bxf3 5. Qxf3 e6 6. d4 dxe4 7. Qxe4 Nf6 8. Qh4 Nbd7 9. Bd3 Nd5 10. Qxd8+ Kxd8 11. Ne4 Nb4 12. 0-0 Nxd3 13. cxd3 Be7 14. Bd2 Nb6 15. Nc5 Bxc5 16. dxc5 Nd5 17. Rac1 Ke7 18. f4 Rad8 19. f5 e5 20. Rc4 Nc7 21. Rf3 Nb5 22. g4 f6 23. Re3 Kf7 24. Bc3 Rd5 25. a4 Nxc3 26. Rxc3 1/2-1/2

[Event "Imperia op-A 57th"]
[Site "Imperia"]
[Date "2015.09.06"]
[Round "9"]
[White "Walter, Tobias"]
[Black "Salerno, Luciano"]
[Result "1-0"]
[WhiteElo "1884"]
[BlackElo "1657"]
[PlyCount "113"]
[EventDate "2015.08.30"]
[EventType "swiss"]
[EventRounds "8"]
[EventCountry "ITA"]
[SourceTitle "EXT 2024"]
[Source "ChessBase"]
[SourceDate "2023.10.10"]
[SourceVersion "1"]
[SourceVersionDate "2023.10.10"]
[SourceQuality "1"]

1. d4 Nf6 2. Bf4 b6 3. e3 e6 4. Nf3 Bb7 5. Bd3 Be7 6. h3 c5 7. c3 0-0 8. Nbd2 cxd4 9. exd4 d6 10. 0-0 Nbd7 11. Re1 a6 12. a4 Re8 13. Bh2 Bf8 14. Nc4 Qc7 15. Ne3 Be4 16. Bc4 Qb7 17. Ng5 h6 18. Nxe4 Nxe4 19. Nf1 d5 20. Bd3 Ndf6 21. f4 Bd6 22. g4 Qc7 23. Qf3 Rab8 24. Bxa6 Re7 25. h4 g6 26. Bd3 Kg7 27. g5 Nh5 28. Bxe4 dxe4 29. Rxe4 f5 30. Re2 Nxf4 31. Rf2 Nd5 32. Bxd6 Qxd6 33. Qg3 e5 34. gxh6+ Kh7 35. dxe5 Qxe5 36. Qxe5 Rxe5 37. Rd1 Nf6 38. Ng3 Ne4 39. Re2 Rbe8 40. Nxe4 Rxe4 41. Rxe4 fxe4 42. Kf2 e3+ 43. Ke2 Re4 44. Rd4 Re6 45. b4 Kxh6 46. c4 Kh5 47. c5 bxc5 48. bxc5 Re5 49. Rc4 g5 50. hxg5 Kxg5 51. c6 Re8 52. c7 Rc8 53. a5 Kf6 54. a6 Ke7 55. a7 Kd7 56. Rc3 Ra8 57. c8Q+ 1-0

[Event "Imperia op-A 57th"]
[Site "Imperia"]
[Date "2015.09.05"]
[Round "8"]
[White "Salerno, Luciano"]
[Black "Olivetti, Davide"]
[Result "0-1"]
[WhiteElo "1657"]
[BlackElo "2014"]
[PlyCount "102"]
[EventDate "2015.08.30"]
[EventType "swiss"]
[EventRounds "8"]
[EventCountry "ITA"]
[SourceTitle "EXT 2024"]
[Source "ChessBase"]
[SourceDate "2023.10.10"]
[SourceVersion "1"]
[SourceVersionDate "2023.10.10"]
[SourceQuality "1"]

1. d4 Nf6 2. c4 g6 3. Nc3 Bg7 4. e4 d6 5. Nf3 0-0 6. Be2 e5 7. d5 a5 8. Bg5 h6 9. Bh4 g5 10. Bg3 Nh5 11. h4 Nxg3 12. fxg3 g4 13. Nh2 h5 14. Nf1 Bh6 15. Nd2 Na6 16. 0-0 Nc5 17. b3 f5 18. exf5 Bxf5 19. Rxf5 Rxf5 20. Bxg4 Be3+ 21. Kh2 hxg4 22. Qxg4+ Rg5 23. hxg5 Bxd2 24. Ne4 Qc8 25. Qxc8+ Rxc8 26. Nxd2 Rf8 27. Rf1 Rxf1 28. Nxf1 a4 29. b4 Ne4 30. Kh3 Nc3 31. Ne3 Nxa2 32. Nc2 b5 33. c5 Nc3 34. cxd6 cxd6 35. Na3 e4 36. Kg4 e3 37. Kf3 e2 38. Kf2 Kg7 39. Ke1 Kg6 40. Kd2 Kxg5 41. Nc2 Nxd5 42. Kxe2 Kg4 43. Kd3 Kxg3 44. Ke4 Nc7 45. Kf5 Kxg2 46. Kf6 Kf2 47. Ke7 Ke2 48. Kxd6 Kd2 49. Na3 Kc3 50. Kxc7 Kxb4 51. Nb1 a3 0-1

[Event "Imperia op-A 57th"]
[Site "Imperia"]
[Date "2015.09.04"]
[Round "7"]
[White "Ruffini, Pierluigi"]
[Black "Salerno, Luciano"]
[Result "0-1"]
[WhiteElo "1884"]
[BlackElo "1657"]
[PlyCount "76"]
[EventDate "2015.08.30"]
[EventType "swiss"]
[EventRounds "8"]
[EventCountry "ITA"]
[SourceTitle "EXT 2024"]
[Source "ChessBase"]
[SourceDate "2023.10.10"]
[SourceVersion "1"]
[SourceVersionDate "2023.10.10"]
[SourceQuality "1"]

1. e4 c6 2. d4 d5 3. Nc3 dxe4 4. Nxe4 Nd7 5. Nf3 Ngf6 6. Ng3 e6 7. Bd3 c5 8. 0-0 Be7 9. c3 0-0 10. Qc2 cxd4 11. cxd4 Nb6 12. Be3 Nbd5 13. a3 Bd7 14. Rac1 Rc8 15. Qb1 Qa5 16. Ne5 Bb5 17. h3 Bxd3 18. Qxd3 b5 19. Nc6 Qa4 20. Nxe7+ Nxe7 21. Rc5 a6 22. Rfc1 Nd7 23. Rc7 Rxc7 24. Rxc7 Rd8 25. Qe4 Nd5 26. Qh4 N7f6 27. Nh5 Qd1+ 28. Kh2 Qxh5 29. Qxh5 Nxh5 30. Ra7 Rc8 31. Rxa6 h6 32. Ra5 Rb8 33. b4 Nhf6 34. Bd2 Ne4 35. Be1 Nd6 36. f3 Rc8 37. Bg3 Nc4 38. Be1 Nxa5 0-1

[Event "Imperia op-B 56th"]
[Site "Imperia"]
[Date "2014.09.07"]
[Round "8"]
[White "Cova, Ennio"]
[Black "Salerno, Luciano"]
[Result "0-1"]
[WhiteElo "1678"]
[BlackElo "1631"]
[PlyCount "112"]
[EventDate "2014.08.31"]
[EventType "swiss"]
[EventRounds "8"]
[EventCountry "ITA"]
[SourceTitle "EXT 2024"]
[Source "ChessBase"]
[SourceDate "2023.10.10"]
[SourceVersion "1"]
[SourceVersionDate "2023.10.10"]
[SourceQuality "1"]

1. Nf3 Nf6 2. g3 d5 3. d4 Bf5 4. Bg2 e6 5. 0-0 Be7 6. Nbd2 0-0 7. c4 c6 8. Qb3 Qb6 9. c5 Qxb3 10. axb3 Nbd7 11. b4 Rfe8 12. Re1 Bd8 13. Nh4 Bg6 14. Nxg6 hxg6 15. e4 dxe4 16. Nxe4 Nxe4 17. Bxe4 Nf6 18. Bg2 Nd5 19. Bd2 Bf6 20. Bc3 Red8 21. Rad1 Rd7 22. Bf3 Rad8 23. h4 Nc7 24. d5 Nxd5 25. Bxd5 Rxd5 26. Rxd5 Rxd5 27. Kf1 Kf8 28. Ke2 Bxc3 29. bxc3 Re5+ 30. Kd2 Rxe1 31. Kxe1 Ke7 32. Kd2 Kf6 33. Ke3 Ke5 34. f4+ Kf5 35. Kf3 e5 36. g4+ Ke6 37. fxe5 Kxe5 38. Ke3 f6 39. Kf3 a6 40. Ke3 f5 41. Kf3 Kd5 42. Kf4 Ke6 43. c4 Kf6 44. gxf5 gxf5 45. h5 g5+ 46. hxg6 Kxg6 47. Ke5 Kg5 48. Kd6 f4 49. Kc7 f3 50. Kxb7 f2 51. Kxc6 f1Q 52. Kc7 Qxc4 53. c6 Qxb4 54. Kc8 a5 55. c7 Qc5 56. Kb8 Qxc7+ 0-1

[Event "Imperia op-B 56th"]
[Site "Imperia"]
[Date "2014.09.05"]
[Round "6"]
[White "Salati, Paolo"]
[Black "Salerno, Luciano"]
[Result "1/2-1/2"]
[WhiteElo "1839"]
[BlackElo "1631"]
[PlyCount "59"]
[EventDate "2014.08.31"]
[EventType "swiss"]
[EventRounds "8"]
[EventCountry "ITA"]
[SourceTitle "EXT 2024"]
[Source "ChessBase"]
[SourceDate "2023.10.10"]
[SourceVersion "1"]
[SourceVersionDate "2023.10.10"]
[SourceQuality "1"]

1. e4 c6 2. Nc3 d5 3. exd5 cxd5 4. d4 Nf6 5. Nf3 Bg4 6. Be2 e6 7. a3 Nc6 8. 0-0 Qb6 9. Na4 Qa5 10. Nc3 Qb6 11. Ne5 Bxe2 12. Nxe2 Bd6 13. Nxc6 Qxc6 14. Bf4 0-0 15. Bxd6 Qxd6 16. Ng3 Rac8 17. Re1 Rc4 18. c3 b5 19. Qd2 Rfc8 20. h3 a5 21. Rac1 Qb6 22. Rc2 b4 23. axb4 axb4 24. Rcc1 bxc3 25. Rxc3 Rxc3 26. bxc3 Qa5 27. Rc1 Ne8 28. Qb2 Nd6 29. Ne2 Qb5 30. Qxb5 1/2-1/2

[Event "Imperia op-B 56th"]
[Site "Imperia"]
[Date "2014.08.31"]
[Round "1"]
[White "Salerno, Luciano"]
[Black "Poche, Denis"]
[Result "1-0"]
[WhiteElo "1631"]
[BlackElo "1787"]
[PlyCount "65"]
[EventDate "2014.08.31"]
[EventType "swiss"]
[EventRounds "8"]
[EventCountry "ITA"]
[SourceTitle "EXT 2024"]
[Source "ChessBase"]
[SourceDate "2023.10.10"]
[SourceVersion "1"]
[SourceVersionDate "2023.10.10"]
[SourceQuality "1"]

1. d4 Nf6 2. c4 e6 3. Nf3 b6 4. g3 Bb7 5. Bg2 d5 6. 0-0 Be7 7. Nc3 0-0 8. Bf4 Nh5 9. Bd2 dxc4 10. Qc2 a6 11. Ne4 f5 12. Neg5 Bd5 13. e4 fxe4 14. Nxe4 Nd7 15. Rfe1 c5 16. Neg5 Nhf6 17. Nxe6 Bxe6 18. Rxe6 cxd4 19. Nxd4 Bc5 20. Qxc4 Kh8 21. Bxa8 Qxa8 22. b4 Ng4 23. f4 Bxd4+ 24. Qxd4 Ndf6 25. Qd3 Rd8 26. Rd6 Nd5 27. Rxd8+ Qxd8 28. Rd1 b5 29. h3 Qb6+ 30. Be3 Qxe3+ 31. Qxe3 Ngxe3 32. Rd3 Kg8 33. Kf2 1-0

[Event "Imperia op-B 55th"]
[Site "Imperia"]
[Date "2013.09.07"]
[Round "8"]
[White "Salerno, Luciano"]
[Black "Vargiu, Antonio"]
[Result "1/2-1/2"]
[WhiteElo "1613"]
[BlackElo "1715"]
[PlyCount "90"]
[EventDate "2013.09.01"]
[EventType "swiss"]
[EventRounds "8"]
[EventCountry "ITA"]
[SourceTitle "EXT 2024"]
[Source "ChessBase"]
[SourceDate "2023.10.10"]
[SourceVersion "1"]
[SourceVersionDate "2023.10.10"]
[SourceQuality "1"]

1. d4 e6 2. c4 d5 3. Nc3 c6 4. Nf3 Nf6 5. cxd5 exd5 6. Bg5 Be7 7. Qc2 Bg4 8. Ne5 Bh5 9. e3 Nfd7 10. Bxe7 Qxe7 11. Nxd7 Nxd7 12. Bd3 Nf6 13. 0-0 0-0 14. Rfc1 Bg6 15. Bxg6 fxg6 16. Na4 Ng4 17. Rf1 Qc7 18. g3 Qf7 19. Qe2 Qf5 20. f3 Nf6 21. Nc5 Qc8 22. e4 dxe4 23. fxe4 Re8 24. Qc4+ Kh8 25. d5 cxd5 26. exd5 b6 27. b4 bxc5 28. bxc5 Ne4 29. Rad1 Qxc5+ 30. Qxc5 Nxc5 31. Rc1 Rac8 32. Rf7 Red8 33. d6 Kg8 34. Rc7 Rxc7 35. dxc7 Rc8 36. Rxc5 Kf7 37. Kf2 Ke6 38. Ke3 Kd6 39. Kd4 Rxc7 40. Rxc7 Kxc7 41. Kc5 g5 42. h3 h5 43. g4 g6 44. a4 a6 45. a5 h4 1/2-1/2

[Event "Remote Jubilee Gr.B email"]
[Site "Remote email"]
[Date "2013.09.02"]
[Round "?"]
[White "Salerno, Luciano"]
[Black "Bendig, Frank"]
[Result "1/2-1/2"]
[WhiteElo "2306"]
[BlackElo "2364"]
[PlyCount "71"]
[EventDate "2013.??.??"]
[EventType "tourn (corr)"]
[EventRounds "11"]
[EventCountry "GER"]
[SourceTitle "Corr 2015"]
[Source "ChessBase"]
[SourceDate "2015.07.17"]
[SourceVersion "1"]
[SourceVersionDate "2015.07.17"]
[SourceQuality "1"]

1. d4 Nf6 2. c4 e6 3. Nf3 Nc6 4. Nc3 Bb4 5. Qc2 d6 6. Bd2 0-0 7. a3 Bxc3 8. Bxc3 Re8 9. Rd1 Qe7 10. e3 e5 11. d5 Nb8 12. h3 Nbd7 13. Be2 Nc5 14. Nd2 Bd7 15. e4 a5 16. 0-0 h6 17. Rc1 a4 18. Kh1 Bc8 19. Rce1 Nfd7 20. f4 exf4 21. Rxf4 Ne5 22. Ref1 f6 23. R4f2 Bd7 24. Bd4 Qf7 25. Nf3 b6 26. Nxe5 dxe5 27. Bc3 Qg6 28. Bd3 c6 29. Rf3 b5 30. d6 Be6 31. cxb5 Nxd3 32. Qxd3 cxb5 33. Rg3 Qf7 34. Qd2 Kh7 35. Ba5 Bc4 36. Rc1 1/2-1/2

[Event "Remote Master email"]
[Site "Remote email"]
[Date "2013.02.10"]
[Round "?"]
[White "Carlsen, Torben Erik"]
[Black "Salerno, Luciano"]
[Result "1/2-1/2"]
[WhiteElo "2208"]
[BlackElo "2289"]
[PlyCount "101"]
[EventDate "2013.??.??"]
[EventType "swiss (corr)"]
[EventRounds "6"]
[EventCountry "GER"]
[SourceTitle "Corr 2015"]
[Source "ChessBase"]
[SourceDate "2015.07.17"]
[SourceVersion "1"]
[SourceVersionDate "2015.07.17"]
[SourceQuality "1"]

1. e4 c5 2. Nf3 Nc6 3. Nc3 d6 4. d4 cxd4 5. Nxd4 Nf6 6. Bg5 e5 7. Ndb5 a6 8. Na3 b5 9. Nd5 Be7 10. Bxf6 Bxf6 11. c3 0-0 12. Nc2 Bg5 13. a4 bxa4 14. Rxa4 a5 15. Bc4 Rb8 16. b3 Kh8 17. Nce3 g6 18. Qe2 f5 19. h4 Bxe3 20. Qxe3 f4 21. Qd3 h5 22. Kd2 Be6 23. Kc2 Rf7 24. Kb2 Rfb7 25. g3 Qf8 26. Rg1 Kh7 27. Ra2 Ne7 28. Rxa5 Nxd5 29. exd5 Bf5 30. Qe2 fxg3 31. fxg3 Bg4 32. Qe3 Qc8 33. Ka2 Ra8 34. Rxa8 Qxa8+ 35. Kb2 Qa4 36. Rf1 Kg7 37. b4 Ra7 38. Bb3 Qa3+ 39. Kc2 Rb7 40. Qd2 Rc7 41. c4 Bh3 42. Rf3 Rxc4+ 43. Bxc4 Qxf3 44. Qc3 Qg2+ 45. Kb3 Bf5 46. Bd3 Qxd5+ 47. Bc4 Qe4 48. Qd2 Qb1+ 49. Kc3 Qa1+ 50. Kb3 Bg4 51. Kc2 1/2-1/2

[Event "Remote Master email"]
[Site "Remote email"]
[Date "2013.02.10"]
[Round "?"]
[White "Salerno, Luciano"]
[Black "Faber, Hans Alban"]
[Result "1/2-1/2"]
[WhiteElo "2289"]
[BlackElo "2443"]
[PlyCount "78"]
[EventDate "2013.??.??"]
[EventType "swiss (corr)"]
[EventRounds "6"]
[EventCountry "GER"]
[SourceTitle "Corr 2015"]
[Source "ChessBase"]
[SourceDate "2015.07.17"]
[SourceVersion "1"]
[SourceVersionDate "2015.07.17"]
[SourceQuality "1"]

1. d4 f5 2. g3 e6 3. Bg2 Nf6 4. Nf3 Be7 5. 0-0 0-0 6. c4 d6 7. Nc3 Ne4 8. Qc2 Nxc3 9. Qxc3 Bf6 10. b4 Qe7 11. Bb2 Nd7 12. Qc2 c6 13. Nd2 a5 14. b5 c5 15. e3 Nb6 16. dxc5 dxc5 17. Bxf6 Qxf6 18. Rfd1 e5 19. Qc3 a4 20. Rac1 g6 21. Bd5+ Kg7 22. Nf3 e4 23. Qxf6+ Kxf6 24. Bxb7 Rb8 25. Bxc8 exf3 26. Bd7 Rfd8 27. Bc6 Rxd1+ 28. Rxd1 Nxc4 29. Rc1 Ne5 30. Rxc5 Nxc6 31. Rxc6+ Ke5 32. b6 Kd5 33. Rf6 Kc5 34. Kf1 Rxb6 35. Rxb6 Kxb6 36. Ke1 Kc5 37. Kd2 Kb4 38. Kc2 g5 39. Kb2 g4 1/2-1/2

[Event "Remote Superturnier 18 email"]
[Site "Remote email"]
[Date "2012.11.21"]
[Round "?"]
[White "Ahrens, Gerhard"]
[Black "Salerno, Luciano"]
[Result "1/2-1/2"]
[WhiteElo "2223"]
[BlackElo "2289"]
[PlyCount "105"]
[EventDate "2012.??.??"]
[EventType "tourn (corr)"]
[EventRounds "14"]
[EventCountry "GER"]
[SourceTitle "Corr 2015"]
[Source "ChessBase"]
[SourceDate "2015.07.17"]
[SourceVersion "1"]
[SourceVersionDate "2015.07.17"]
[SourceQuality "1"]

1. e4 c6 2. d4 d5 3. Nc3 dxe4 4. Nxe4 Nd7 5. Nf3 Ngf6 6. Ng3 e6 7. Bd3 c5 8. 0-0 cxd4 9. Nxd4 Bc5 10. Nb3 Be7 11. Nh5 0-0 12. Bf4 b6 13. Qf3 Nxh5 14. Qxh5 Nf6 15. Qe2 Bb7 16. Rfd1 Qc8 17. Be5 Qc6 18. f4 Rfd8 19. c3 Nd7 20. Nd4 Qc5 21. Kh1 Nxe5 22. fxe5 Qc7 23. Rf1 Bc5 24. Rad1 a6 25. b4 Bxd4 26. cxd4 Rd7 27. Rc1 Qd8 28. Qf2 Rc8 29. Rxc8 Qxc8 30. Qd2 b5 31. Kg1 Qd8 32. Rf4 Qg5 33. Rf2 Qd8 34. Rf4 Qg5 35. Qf2 Bd5 36. h4 Qd8 37. a3 Bc4 38. Be4 a5 39. bxa5 Qxa5 40. Qe3 Ra7 41. Rf3 Rd7 42. h5 h6 43. Bc2 Kf8 44. Rf4 Rc7 45. Kh2 Bd5 46. Qd3 Qc3 47. Rf2 Qe1 48. Qxb5 g5 49. Qe2 Qc3 50. Qd1 Qe3 51. Qd2 Qxa3 52. Bd1 Kg7 53. Rf1 1/2-1/2

[Event "Remote Superturnier 18 email"]
[Site "Remote email"]
[Date "2012.11.21"]
[Round "?"]
[White "Salerno, Luciano"]
[Black "Markus, Roland"]
[Result "0-1"]
[WhiteElo "2274"]
[BlackElo "2459"]
[PlyCount "102"]
[EventDate "2012.??.??"]
[EventType "tourn (corr)"]
[EventRounds "14"]
[EventCountry "GER"]
[SourceTitle "Corr 2015"]
[Source "ChessBase"]
[SourceDate "2015.07.17"]
[SourceVersion "1"]
[SourceVersionDate "2015.07.17"]
[SourceQuality "1"]

1. d4 Nf6 2. c4 e6 3. Nf3 d5 4. Nc3 c6 5. cxd5 exd5 6. Bg5 Be7 7. Qc2 g6 8. e3 Bf5 9. Bd3 Bxd3 10. Qxd3 Nbd7 11. 0-0 0-0 12. Rab1 Re8 13. b4 a6 14. a4 Ne4 15. Bxe7 Qxe7 16. Nd2 Nxd2 17. Qxd2 Kg7 18. b5 axb5 19. axb5 Nb6 20. bxc6 Nc4 21. Qd3 bxc6 22. Ra1 Reb8 23. Na4 Qf6 24. Nc5 Rxa1 25. Rxa1 Rb2 26. Qf1 h5 27. Nd3 Rd2 28. Nb4 g5 29. Qe1 Qd6 30. Na6 Qg6 31. Rd1 Rb2 32. Nc5 Rc2 33. Nd3 Ra2 34. Nb4 Ra8 35. Ra1 Rb8 36. Rc1 g4 37. e4 Re8 38. e5 h4 39. Nc2 c5 40. dxc5 Nxe5 41. Qc3 Kh7 42. Nd4 h3 43. Rd1 Qe4 44. gxh3 Nf3+ 45. Nxf3 gxf3 46. Kh1 d4 47. Qc1 Re6 48. h4 Rg6 49. Qc4 Qg4 50. Qf1 Qxh4 51. h3 Kg8 0-1

[Event "Remote Superturnier 18 email"]
[Site "Remote email"]
[Date "2012.11.21"]
[Round "?"]
[White "Salerno, Luciano"]
[Black "Svrsek, Radomir"]
[Result "0-1"]
[WhiteElo "2274"]
[BlackElo "2432"]
[PlyCount "96"]
[EventDate "2012.??.??"]
[EventType "tourn (corr)"]
[EventRounds "14"]
[EventCountry "GER"]
[SourceTitle "Corr 2015"]
[Source "ChessBase"]
[SourceDate "2015.07.17"]
[SourceVersion "1"]
[SourceVersionDate "2015.07.17"]
[SourceQuality "1"]

1. d4 Nf6 2. c4 e6 3. Nf3 d5 4. Nc3 Be7 5. cxd5 exd5 6. Bg5 h6 7. Bh4 c6 8. Qc2 0-0 9. e3 Be6 10. Bd3 Nbd7 11. 0-0 Bd6 12. Rab1 a5 13. a3 Re8 14. Rfc1 Rc8 15. b4 b5 16. e4 axb4 17. axb4 dxe4 18. Nxe4 Be7 19. Bg3 Bd5 20. Nxf6+ Bxf6 21. Bf5 g6 22. Bxd7 Qxd7 23. Ne5 Qb7 24. Qd2 h5 25. Rb2 Re6 26. f4 Bg7 27. Qc2 Qa7 28. Bf2 Bh6 29. g3 h4 30. Qd3 Ra8 31. Rbc2 hxg3 32. hxg3 Bf8 33. Be1 Bd6 34. Nxc6 Qb7 35. Ne5 Be4 36. Qc3 Bxc2 37. Qxc2 Bxe5 38. dxe5 Rea6 39. Qg2 Qd7 40. Bf2 Ra1 41. Qf1 Rxc1 42. Qxc1 Ra2 43. Qc3 Qd1+ 44. Qe1 Qf3 45. e6 Re2 46. Qf1 fxe6 47. Qg2 Qxg2+ 48. Kxg2 Rb2 0-1

[Event "Imperia op-B 52nd"]
[Site "Imperia"]
[Date "2010.09.03"]
[Round "6"]
[White "Carzolio, Luigi"]
[Black "Salerno, Luciano"]
[Result "1/2-1/2"]
[WhiteElo "1944"]
[BlackElo "1581"]
[PlyCount "43"]
[EventDate "2010.08.29"]
[EventType "swiss"]
[EventRounds "8"]
[EventCountry "ITA"]
[SourceTitle "EXT 2024"]
[Source "ChessBase"]
[SourceDate "2023.10.10"]
[SourceVersion "1"]
[SourceVersionDate "2023.10.10"]
[SourceQuality "1"]

1. Nf3 Nf6 2. g3 c5 3. Bg2 d5 4. 0-0 Nc6 5. d3 e5 6. Nbd2 Be7 7. e4 d4 8. Nc4 Qc7 9. a4 0-0 10. h3 Be6 11. Nfd2 Nd7 12. f4 f6 13. Rf2 b6 14. Nf3 a6 15. fxe5 fxe5 16. Ng5 Bxg5 17. Bxg5 b5 18. axb5 axb5 19. Rxf8+ Rxf8 20. Na3 Qb7 21. Qe2 Ra8 22. Rf1 1/2-1/2

[Event "Imperia op-B 52nd"]
[Site "Imperia"]
[Date "2010.08.31"]
[Round "3"]
[White "Salerno, Luciano"]
[Black "Tagliano, Maurizio"]
[Result "1/2-1/2"]
[WhiteElo "1581"]
[BlackElo "1832"]
[PlyCount "52"]
[EventDate "2010.08.29"]
[EventType "swiss"]
[EventRounds "8"]
[EventCountry "ITA"]
[SourceTitle "EXT 2024"]
[Source "ChessBase"]
[SourceDate "2023.10.10"]
[SourceVersion "1"]
[SourceVersionDate "2023.10.10"]
[SourceQuality "1"]

1. d4 Nf6 2. Nf3 e6 3. c4 b6 4. g3 Bb7 5. Bg2 Bb4+ 6. Bd2 Be7 7. Nc3 Ne4 8. Qc2 Nxd2 9. Qxd2 0-0 10. e4 f5 11. e5 d6 12. 0-0 Nd7 13. Rfe1 dxe5 14. Nxe5 Bxg2 15. Kxg2 Nxe5 16. Rxe5 Bf6 17. Rxe6 Qxd4 18. Qxd4 Bxd4 19. Nd5 Bxb2 20. Rae1 Ba3 21. Ne7+ Bxe7 22. Rxe7 c5 23. Rd1 Rf7 24. Rdd7 Rxe7 25. Rxe7 a6 26. Rb7 b5 1/2-1/2